[Event "Bundesliga 9798"]
[Site "Deutschland"]
[Date "1998.??.??"]
[Round "?.8"]
[White "Hermesmann, Hans"]
[Black "Meyer, Claus Dieter"]
[Result "1/2-1/2"]
[WhiteElo "2280"]
[BlackElo "2335"]
[PlyCount "93"]
[EventDate "1997.10.??"]
[EventType "team"]
[EventRounds "15"]
[EventCountry "GER"]
[SourceTitle "Bundesliga 9798"]
[Source "DeepChess"]
[SourceDate "2005.01.01"]
[SourceVersion "1"]
[SourceVersionDate "2005.01.01"]
[SourceQuality "1"]
[WhiteTeam "SV Castrop Rauxel 1923"]
[BlackTeam "SAbt SV Werder Bremen"]
[WhiteTeamCountry "GER"]
[BlackTeamCountry "GER"]

1. d4 Nf6 2. c4 d6 3. Nc3 Nbd7 4. e4 e5 5. d5 Nc5 6. f3 a5 7. Be3 Be7 8. Qd2 h6
9. O-O-O Nh7 10. g3 f5 11. h4 O-O 12. Bh3 f4 13. gxf4 exf4 14. Bxc5 dxc5 15.
Bxc8 Rxc8 16. e5 Bxh4 17. Ne4 Be7 18. Nh3 b6 19. d6 cxd6 20. exd6 Bf6 21. Nxf4
Bd4 22. Ne6 Qd7 23. Nxf8 Rxf8 24. Qg2 Nf6 25. Qh3 Qf7 26. Nxf6+ Qxf6 27. Qh2
Rd8 28. Rhe1 Rxd6 29. Re8+ Kh7 30. Rde1 Qg5+ 31. Kb1 Qf5+ 32. Kc1 Qg5+ 33. Kb1
Qf5+ 34. Ka1 Rf6 35. Rb8 Rg6 36. Qe2 Qf4 37. Qe8 Bxb2+ 38. Kb1 Rg2 39. Qh8+ Kg6
40. Rxb6+ Bf6 41. Qe8+ Kh7 42. Qe4+ Qxe4+ 43. fxe4 Bc3 44. Re3 Bd4 45. Re1 Bc3
46. Re3 Bd4 47. Re1 1/2-1/2

[Event "Bundesliga 9798"]
[Site "Deutschland"]
[Date "1998.??.??"]
[Round "?.1"]
[White "Hracek, Zbynek"]
[Black "Epishin, Vladimir"]
[Result "0-1"]
[WhiteElo "2605"]
[BlackElo "2570"]
[PlyCount "66"]
[EventDate "1997.10.??"]
[EventType "team"]
[EventRounds "15"]
[EventCountry "GER"]
[SourceTitle "Bundesliga 9798"]
[Source "DeepChess"]
[SourceDate "2005.01.01"]
[SourceVersion "1"]
[SourceVersionDate "2005.01.01"]
[SourceQuality "1"]
[WhiteTeam "SAbt SV Werder Bremen"]
[BlackTeam "SV Empor Berlin e.V."]
[WhiteTeamCountry "GER"]
[BlackTeamCountry "GER"]

1. e4 c6 2. d4 d5 3. e5 Bf5 4. Nf3 e6 5. Be2 Ne7 6. O-O c5 7. Be3 cxd4 8. Nxd4
Nbc6 9. Bb5 Qd7 10. Nc3 Bg6 11. Na4 Nf5 12. Bxc6 bxc6 13. Nxf5 Bxf5 14. Bc5
Bxc5 15. Nxc5 Qc7 16. Re1 Qb6 17. Qd4 Rb8 18. b3 Bxc2 19. Rac1 Bf5 20. Qa4 a5
21. h4 h5 22. Re3 Qb5 23. Rec3 Qxa4 24. Nxa4 O-O 25. Rxc6 Rb4 26. g3 Re4 27.
Nc5 Re2 28. a4 Ra8 29. Nd7 d4 30. Rd1 d3 31. Nc5 Rc2 32. Kf1 Rd8 33. Nb7 Rd5
0-1

[Event "Bundesliga 9798"]
[Site "Deutschland"]
[Date "1998.??.??"]
[Round "?.2"]
[White "Poldauf, Dirk"]
[Black "Kindermann, Stefan"]
[Result "1/2-1/2"]
[WhiteElo "2455"]
[BlackElo "2570"]
[PlyCount "85"]
[EventDate "1997.10.??"]
[EventType "team"]
[EventRounds "15"]
[EventCountry "GER"]
[SourceTitle "Bundesliga 9798"]
[Source "DeepChess"]
[SourceDate "2005.01.01"]
[SourceVersion "1"]
[SourceVersionDate "2005.01.01"]
[SourceQuality "1"]
[WhiteTeam "SV Empor Berlin e.V."]
[BlackTeam "SAbt SV Werder Bremen"]
[WhiteTeamCountry "GER"]
[BlackTeamCountry "GER"]

1. c4 f5 2. g3 Nf6 3. Bg2 e5 4. Nf3 Nc6 5. O-O g6 6. d4 e4 7. Ng5 Bg7 8. f3 h6
9. Nh3 exf3 10. exf3 O-O 11. d5 Ne5 12. Qc2 Qe7 13. Kh1 d6 14. b3 Bd7 15. Nc3
Rfe8 16. Bd2 c6 17. dxc6 bxc6 18. Rfe1 Qf8 19. Rad1 Kh7 20. Be3 Nf7 21. Bf2
Rxe1+ 22. Rxe1 Re8 23. Qd2 c5 24. Nf4 Rxe1+ 25. Qxe1 Bc6 26. Nfd5 Nxd5 27. Nxd5
Ne5 28. Qd2 Qf7 29. f4 Ng4 30. Bg1 Qd7 31. h3 Nf6 32. Nxf6+ Bxf6 33. Bxc6 Qxc6+
34. Qd5 Qxd5+ 35. cxd5 Bc3 36. Kg2 Kg7 37. Bf2 h5 38. Kf3 Kf6 39. Ke2 a6 40.
Kd3 Bb4 41. Kc4 Ke7 42. Kd3 Kf7 43. Ke2 1/2-1/2

[Event "Bundesliga 9798"]
[Site "Deutschland"]
[Date "1998.??.??"]
[Round "?.4"]
[White "Hetey, Laszlo"]
[Black "Babula, Vlastimil"]
[Result "0-1"]
[WhiteElo "2345"]
[BlackElo "2545"]
[PlyCount "86"]
[EventDate "1997.10.??"]
[EventType "team"]
[EventRounds "15"]
[EventCountry "GER"]
[SourceTitle "Bundesliga 9798"]
[Source "DeepChess"]
[SourceDate "2005.01.01"]
[SourceVersion "1"]
[SourceVersionDate "2005.01.01"]
[SourceQuality "1"]
[WhiteTeam "SV Empor Berlin e.V."]
[BlackTeam "SAbt SV Werder Bremen"]
[WhiteTeamCountry "GER"]
[BlackTeamCountry "GER"]

1. d4 Nf6 2. c4 g6 3. Nc3 Bg7 4. e4 d6 5. Nf3 O-O 6. Be2 e5 7. d5 a5 8. Bg5 h6
9. Bh4 Na6 10. O-O Qe8 11. Nd2 Bd7 12. Kh1 Nh7 13. b3 Bf6 14. Bxf6 Nxf6 15. a3
Kg7 16. Qb1 c5 17. Qb2 Kh7 18. Nb5 Qe7 19. f4 Ne8 20. fxe5 dxe5 21. b4 cxb4 22.
Nf3 f6 23. axb4 Nxb4 24. Nc3 Qc5 25. Nd2 b6 26. Rfb1 Nd6 27. Na2 Rfb8 28. Nxb4
axb4 29. Rxa8 Rxa8 30. h3 Ra4 31. Kh2 Qf2 32. Rf1 Qxe2 33. Rxf6 Ra3 34. Qxb4
Rxh3+ 35. Kg1 Rg3 36. Rf2 Qe1+ 37. Rf1 Qe2 38. Rf2 Qe1+ 39. Rf1 Qe3+ 40. Rf2
Rxg2+ 41. Kxg2 Bh3+ 42. Kh2 Qxf2+ 43. Kxh3 Nf7 0-1

[Event "Bundesliga 9798"]
[Site "Deutschland"]
[Date "1998.??.??"]
[Round "?.5"]
[White "Meins, Gerlef"]
[Black "Thinius, Marco"]
[Result "1/2-1/2"]
[WhiteElo "2460"]
[BlackElo "2310"]
[PlyCount "59"]
[EventDate "1997.10.??"]
[EventType "team"]
[EventRounds "15"]
[EventCountry "GER"]
[SourceTitle "Bundesliga 9798"]
[Source "DeepChess"]
[SourceDate "2005.01.01"]
[SourceVersion "1"]
[SourceVersionDate "2005.01.01"]
[SourceQuality "1"]
[WhiteTeam "SAbt SV Werder Bremen"]
[BlackTeam "SV Empor Berlin e.V."]
[WhiteTeamCountry "GER"]
[BlackTeamCountry "GER"]

1. d4 Nf6 2. c4 e6 3. Nf3 Bb4+ 4. Nbd2 b6 5. e3 Bb7 6. Bd3 O-O 7. O-O c5 8. a3
Bxd2 9. Bxd2 d6 10. b4 Nbd7 11. Bc3 Rc8 12. Rc1 Qe7 13. Nd2 Rfd8 14. e4 cxd4
15. Bxd4 Rc7 16. Re1 Nf8 17. f3 Ng6 18. Bf2 Rdc8 19. Qb3 Nd7 20. Bf1 Qf6 21.
Qb1 Nde5 22. a4 h5 23. Qa1 Nf4 24. Qc3 h4 25. Qe3 g5 26. Ra1 Nc6 27. Rab1 Ne5
28. Ra1 Nc6 29. Rab1 Ne5 30. Ra1 1/2-1/2

[Event "Bundesliga 9798"]
[Site "Deutschland"]
[Date "1998.??.??"]
[Round "?.6"]
[White "Richter, Michael"]
[Black "Heissler, Jakob"]
[Result "0-1"]
[WhiteElo "2370"]
[BlackElo "2435"]
[PlyCount "109"]
[EventDate "1997.10.??"]
[EventType "team"]
[EventRounds "15"]
[EventCountry "GER"]
[SourceTitle "Bundesliga 9798"]
[Source "DeepChess"]
[SourceDate "2005.01.01"]
[SourceVersion "1"]
[SourceVersionDate "2005.01.01"]
[SourceQuality "1"]
[WhiteTeam "SV Empor Berlin e.V."]
[BlackTeam "SAbt SV Werder Bremen"]
[WhiteTeamCountry "GER"]
[BlackTeamCountry "GER"]

1. d4 Nf6 2. c4 g6 3. Nc3 Bg7 4. e4 d6 5. Nf3 O-O 6. Be2 e5 7. O-O Nc6 8. d5
Ne7 9. Ne1 Nd7 10. Nd3 f5 11. Bd2 Nf6 12. f3 f4 13. c5 g5 14. cxd6 cxd6 15. Nf2
Ng6 16. Qb3 h5 17. h3 Rf7 18. Nb5 Bf8 19. Rac1 Rg7 20. Qc3 g4 21. fxg4 hxg4 22.
hxg4 Ne8 23. Nxa7 Bd7 24. Nb5 Nh4 25. Qb3 Rb8 26. Rc3 Be7 27. Rh3 Bg5 28. Bf3
Qb6 29. Na3 Qa7 30. Nc4 Bd8 31. Qa3 Qd4 32. Qc3 Qa7 33. Qa3 Qd4 34. Qd3 Qc5 35.
b4 Qa7 36. Qa3 Qd4 37. Qd3 Qa7 38. Na5 Bxg4 39. Bxg4 Rxg4 40. Kh1 Rg7 41. g3
Bb6 42. gxh4 Bxf2 43. Qf3 Bg3 44. h5 Nf6 45. h6 Rg6 46. h7+ Kh8 47. Nc4 Rd8 48.
Bc3 Qb8 49. Rg1 Qc8 50. Rhxg3 fxg3 51. Rxg3 Rxg3 52. Qxf6+ Rg7 53. Kh2 Rf8 54.
Nxd6 Rxf6 55. Nxc8 0-1

[Event "Bundesliga 9798"]
[Site "Deutschland"]
[Date "1998.??.??"]
[Round "?.7"]
[White "Floegel, Ulrich"]
[Black "Apel, Stefan"]
[Result "1-0"]
[WhiteElo "2365"]
[BlackElo "2305"]
[PlyCount "97"]
[EventDate "1997.10.??"]
[EventType "team"]
[EventRounds "15"]
[EventCountry "GER"]
[SourceTitle "Bundesliga 9798"]
[Source "DeepChess"]
[SourceDate "2005.01.01"]
[SourceVersion "1"]
[SourceVersionDate "2005.01.01"]
[SourceQuality "1"]
[WhiteTeam "SAbt SV Werder Bremen"]
[BlackTeam "SV Empor Berlin e.V."]
[WhiteTeamCountry "GER"]
[BlackTeamCountry "GER"]

1. e4 e5 2. Bc4 Nf6 3. d3 c6 4. Nf3 Be7 5. O-O d6 6. Re1 O-O 7. Bb3 Nbd7 8. c3
Nc5 9. Bc2 Qc7 10. d4 Ne6 11. Nbd2 Re8 12. Nf1 Bf8 13. Ng3 g6 14. h3 Bg7 15.
Be3 b6 16. Qd2 Bb7 17. a4 a6 18. Red1 Rad8 19. b4 d5 20. Nxe5 Nxe4 21. Nxe4
dxe4 22. Qe2 c5 23. bxc5 bxc5 24. Rab1 Ba8 25. Bb3 cxd4 26. cxd4 Nxd4 27. Rxd4
Bxe5 28. Rxd8 Qxd8 29. Qxa6 Qd3 30. Qxd3 exd3 31. Bc4 Be4 32. Rd1 Ra8 33. Bb5
f5 34. f3 f4 35. Bb6 Bf5 36. a5 Kg7 37. Bxd3 Rc8 38. Bxf5 gxf5 39. a6 Bf6 40.
a7 Bh4 41. Kf1 Kg6 42. Ra1 Ra8 43. Ke2 Kg5 44. Kd3 Bg3 45. Kc4 Kh4 46. Rd1 Bh2
47. Rd8 Bg1 48. Rxa8 Bxb6 49. Rh8 1-0

[Event "Bundesliga 9798"]
[Site "Deutschland"]
[Date "1998.??.??"]
[Round "?.8"]
[White "Meissner, Hans Juergen"]
[Black "Meyer, Claus Dieter"]
[Result "1-0"]
[WhiteElo "2255"]
[BlackElo "2335"]
[PlyCount "75"]
[EventDate "1997.10.??"]
[EventType "team"]
[EventRounds "15"]
[EventCountry "GER"]
[SourceTitle "Bundesliga 9798"]
[Source "DeepChess"]
[SourceDate "2005.01.01"]
[SourceVersion "1"]
[SourceVersionDate "2005.01.01"]
[SourceQuality "1"]
[WhiteTeam "SV Empor Berlin e.V."]
[BlackTeam "SAbt SV Werder Bremen"]
[WhiteTeamCountry "GER"]
[BlackTeamCountry "GER"]

1. e4 c5 2. Nf3 d6 3. d4 cxd4 4. Nxd4 Nf6 5. Nc3 e6 6. Bc4 Be7 7. Bb3 Nc6 8.
Be3 Bd7 9. Qe2 Rc8 10. O-O-O Na5 11. f3 a6 12. g4 O-O 13. g5 Ne8 14. h4 Nxb3+
15. axb3 Qa5 16. Kb1 Nc7 17. Qd2 Kh8 18. h5 Nb5 19. Nde2 Nxc3+ 20. Nxc3 Rc6 21.
h6 g6 22. f4 Bc8 23. Bd4+ f6 24. gxf6 Bxf6 25. Bxf6+ Rxf6 26. e5 Rf7 27. exd6
Bd7 28. Qd4+ Kg8 29. Ne4 Qf5 30. Rd2 Rc8 31. Ng5 Rf6 32. Ne4 Rf7 33. Ng5 Rf6
34. Rf1 Bc6 35. Rff2 Rd8 36. Rde2 Rdf8 37. Nxe6 Re8 38. d7 1-0

[Event "Bundesliga 9798"]
[Site "Deutschland"]
[Date "1998.??.??"]
[Round "?.1"]
[White "Casper, Thomas"]
[Black "Hracek, Zbynek"]
[Result "0-1"]
[WhiteElo "2415"]
[BlackElo "2605"]
[PlyCount "60"]
[EventDate "1997.10.??"]
[EventType "team"]
[EventRounds "15"]
[EventCountry "GER"]
[SourceTitle "Bundesliga 9798"]
[Source "DeepChess"]
[SourceDate "2005.01.01"]
[SourceVersion "1"]
[SourceVersionDate "2005.01.01"]
[SourceQuality "1"]
[WhiteTeam "SV Erfurt West 90"]
[BlackTeam "SAbt SV Werder Bremen"]
[WhiteTeamCountry "GER"]
[BlackTeamCountry "GER"]

1. e4 c5 2. Nf3 d6 3. c3 Nf6 4. Be2 Nbd7 5. d3 b6 6. O-O Bb7 7. Re1 g6 8. Nbd2
Bg7 9. Bf1 O-O 10. Rb1 e5 11. b4 d5 12. Bb2 Re8 13. a3 Qc7 14. g3 Rad8 15. Qe2
c4 16. dxc4 dxe4 17. Ng5 h6 18. Ngxe4 Nxe4 19. Nxe4 f5 20. Nd2 e4 21. Bg2 Ne5
22. Red1 Nd3 23. Ba1 Nxf2 24. Qxf2 e3 25. Qf4 Qxf4 26. gxf4 Bxg2 27. Nb3 Rxd1+
28. Rxd1 Bf3 29. Re1 Bf6 30. Nd4 Bg4 0-1

[Event "Bundesliga 9798"]
[Site "Deutschland"]
[Date "1998.??.??"]
[Round "?.3"]
[White "Mueller, Matthias"]
[Black "Knaak, Rainer"]
[Result "1/2-1/2"]
[WhiteElo "2400"]
[BlackElo "2555"]
[PlyCount "121"]
[EventDate "1997.10.??"]
[EventType "team"]
[EventRounds "15"]
[EventCountry "GER"]
[SourceTitle "Bundesliga 9798"]
[Source "DeepChess"]
[SourceDate "2005.01.01"]
[SourceVersion "1"]
[SourceVersionDate "2005.01.01"]
[SourceQuality "1"]
[WhiteTeam "SV Erfurt West 90"]
[BlackTeam "SAbt SV Werder Bremen"]
[WhiteTeamCountry "GER"]
[BlackTeamCountry "GER"]

1. e4 e6 2. d4 d5 3. Nc3 Nf6 4. e5 Nfd7 5. f4 c5 6. Nf3 Nc6 7. Be3 cxd4 8. Nxd4
Bc5 9. Qd2 Nxd4 10. Bxd4 Bxd4 11. Qxd4 Qb6 12. O-O-O Qxd4 13. Rxd4 Ke7 14. h4
h5 15. Be2 Nb8 16. Rhd1 Bd7 17. R4d2 Bc6 18. b3 Nd7 19. Kb2 Rac8 20. Bf3 g6 21.
a4 Nb8 22. Ne2 Bd7 23. Nd4 Rc7 24. Re1 Rhc8 25. Re3 a6 26. g3 Rc5 27. c3 R5c7
28. Be2 Nc6 29. Nxc6+ Bxc6 30. Rd4 a5 31. Bf1 Be8 32. Be2 Rc5 33. Bf1 R8c7 34.
Be2 Bd7 35. Bf1 b5 36. axb5 Bxb5 37. Bxb5 Rxb5 38. Ra4 f6 39. Kc2 Kf7 40. exf6
Kxf6 41. c4 Rbc5 42. Kd3 dxc4+ 43. Rxc4 Rd5+ 44. Ke2 Rcd7 45. Rc6 R7d6 46. Rxd6
Rxd6 47. Rc3 Rd5 48. Kf3 Rb5 49. Rd3 Rb4 50. Rc3 Rd4 51. Ke3 Rb4 52. Kf2 Rb5
53. Kf3 Ke7 54. Rd3 Rd5 55. Rc3 Kd6 56. Ke4 Rb5 57. Kf3 Rb4 58. Re3 Rb5 59. Ke2
Rd5 60. Re4 Rb5 61. Re3 1/2-1/2

[Event "Bundesliga 9798"]
[Site "Deutschland"]
[Date "1998.??.??"]
[Round "?.4"]
[White "Babula, Vlastimil"]
[Black "Renner, Christoph"]
[Result "0-1"]
[WhiteElo "2545"]
[BlackElo "2415"]
[PlyCount "88"]
[EventDate "1997.10.??"]
[EventType "team"]
[EventRounds "15"]
[EventCountry "GER"]
[SourceTitle "Bundesliga 9798"]
[Source "DeepChess"]
[SourceDate "2005.01.01"]
[SourceVersion "1"]
[SourceVersionDate "2005.01.01"]
[SourceQuality "1"]
[WhiteTeam "SAbt SV Werder Bremen"]
[BlackTeam "SV Erfurt West 90"]
[WhiteTeamCountry "GER"]
[BlackTeamCountry "GER"]

1. d4 f5 2. g3 Nf6 3. Bg2 g6 4. c3 Bg7 5. Qb3 d5 6. Nh3 O-O 7. Nf4 e6 8. Nd2
Nc6 9. Nf3 Ne4 10. h4 b6 11. Ng5 Nxg5 12. hxg5 Na5 13. Qd1 Re8 14. Qd3 Bb7 15.
g4 fxg4 16. Qg3 e5 17. dxe5 Qxg5 18. Nd3 Qf5 19. Bh6 Nc4 20. Bxg7 Kxg7 21.
O-O-O Nxe5 22. Nf4 c6 23. Rd4 Rf8 24. Qh4 h5 25. e3 Rae8 26. Qg3 Rf7 27. Rhd1
Ba6 28. b3 Ree7 29. R4d2 Nd7 30. Kb2 Nf6 31. Rh1 Qe5 32. Rh2 Bc8 33. Qh4 Bf5
34. Qg3 Be4 35. Bf1 b5 36. b4 a5 37. a3 Rf8 38. Rd4 axb4 39. axb4 Ra8 40. Be2
Kf7 41. Bd1 Rea7 42. Bb3 Ra1 43. Rd1 Rxd1 44. Bxd1 Ra1 0-1

[Event "Bundesliga 9798"]
[Site "Deutschland"]
[Date "1998.??.??"]
[Round "?.6"]
[White "Heissler, Jakob"]
[Black "Fuhrmann, Daniel"]
[Result "1-0"]
[WhiteElo "2435"]
[BlackElo "2295"]
[PlyCount "97"]
[EventDate "1997.10.??"]
[EventType "team"]
[EventRounds "15"]
[EventCountry "GER"]
[SourceTitle "Bundesliga 9798"]
[Source "DeepChess"]
[SourceDate "2005.01.01"]
[SourceVersion "1"]
[SourceVersionDate "2005.01.01"]
[SourceQuality "1"]
[WhiteTeam "SAbt SV Werder Bremen"]
[BlackTeam "SV Erfurt West 90"]
[WhiteTeamCountry "GER"]
[BlackTeamCountry "GER"]

1. e4 c6 2. d3 d5 3. Nd2 e5 4. Ngf3 Bd6 5. g3 Ne7 6. Bg2 h6 7. O-O Be6 8. d4
Nd7 9. Qe2 Bg4 10. exd5 cxd5 11. dxe5 Nxe5 12. h3 Nxf3+ 13. Nxf3 Bh5 14. Rd1
O-O 15. c4 Re8 16. Be3 Qc7 17. g4 Bg6 18. cxd5 Bh7 19. Nd4 a6 20. Rac1 Qd7 21.
Qd2 h5 22. gxh5 Nf5 23. Nxf5 Qxf5 24. Qd4 Qxh5 25. Qg4 Qe5 26. Bd4 Qh2+ 27. Kf1
Bg6 28. Rc3 Re7 29. Re3 Rae8 30. Rxe7 Rxe7 31. Qf3 Kh7 32. Qg4 f6 33. a4 b5 34.
axb5 axb5 35. Bf3 Bb4 36. Bc3 Bc5 37. Qg3 Qxg3 38. fxg3 Re3 39. Kg2 Bd6 40. Bd4
Re7 41. Rc1 Be8 42. Kf2 Kg6 43. h4 Bd7 44. Ra1 Bf5 45. g4 Bxg4 46. Rg1 f5 47.
Bxg4 fxg4 48. Rxg4+ Kf5 49. Kf3 1-0

[Event "Bundesliga 9798"]
[Site "Deutschland"]
[Date "1998.??.??"]
[Round "?.7"]
[White "Petrosian, Suren"]
[Black "Floegel, Ulrich"]
[Result "1/2-1/2"]
[WhiteElo "2255"]
[BlackElo "2365"]
[PlyCount "33"]
[EventDate "1997.10.??"]
[EventType "team"]
[EventRounds "15"]
[EventCountry "GER"]
[SourceTitle "Bundesliga 9798"]
[Source "DeepChess"]
[SourceDate "2005.01.01"]
[SourceVersion "1"]
[SourceVersionDate "2005.01.01"]
[SourceQuality "1"]
[WhiteTeam "SV Erfurt West 90"]
[BlackTeam "SAbt SV Werder Bremen"]
[WhiteTeamCountry "GER"]
[BlackTeamCountry "GER"]

1. e4 Nf6 2. e5 Nd5 3. d4 d6 4. Nf3 Bg4 5. Be2 e6 6. O-O Nb6 7. c4 d5 8. c5
Bxf3 9. Bxf3 Nc8 10. b4 a6 11. Nc3 Nc6 12. Re1 N8e7 13. Bg4 g6 14. Bg5 Bg7 15.
Rb1 h6 16. Bxe7 Qxe7 17. f4 1/2-1/2

[Event "Bundesliga 9798"]
[Site "Deutschland"]
[Date "1998.??.??"]
[Round "?.8"]
[White "Forchert, Martin"]
[Black "Voekler, Bernd"]
[Result "1-0"]
[WhiteElo "2340"]
[BlackElo "2395"]
[PlyCount "51"]
[EventDate "1997.10.??"]
[EventType "team"]
[EventRounds "15"]
[EventCountry "GER"]
[SourceTitle "Bundesliga 9798"]
[Source "DeepChess"]
[SourceDate "2005.01.01"]
[SourceVersion "1"]
[SourceVersionDate "2005.01.01"]
[SourceQuality "1"]
[WhiteTeam "SAbt SV Werder Bremen"]
[BlackTeam "SV Erfurt West 90"]
[WhiteTeamCountry "GER"]
[BlackTeamCountry "GER"]

1. e4 e6 2. d4 d5 3. Nd2 dxe4 4. Nxe4 Nd7 5. g3 Ngf6 6. Nxf6+ Qxf6 7. Bg2 e5 8.
Nf3 Bd6 9. O-O O-O 10. Re1 h6 11. Be3 Re8 12. c3 e4 13. Nd2 Qg6 14. Nc4 f5 15.
Nxd6 cxd6 16. Qb3+ Kh7 17. Bf4 Qf6 18. f3 g5 19. Bd2 Qg6 20. fxe4 fxe4 21. Bxe4
Rxe4 22. Rxe4 Qxe4 23. Qf7+ Kh8 24. Re1 Qxe1+ 25. Bxe1 Nb6 26. d5 1-0

[Event "Bundesliga 9798"]
[Site "Deutschland"]
[Date "1997.??.??"]
[Round "?.1"]
[White "Balashov, Yuri S"]
[Black "Hracek, Zbynek"]
[Result "1/2-1/2"]
[WhiteElo "2550"]
[BlackElo "2605"]
[PlyCount "88"]
[EventDate "1997.10.??"]
[EventType "team"]
[EventRounds "15"]
[EventCountry "GER"]
[SourceTitle "Bundesliga 9798"]
[Source "DeepChess"]
[SourceDate "2005.01.01"]
[SourceVersion "1"]
[SourceVersionDate "2005.01.01"]
[SourceQuality "1"]
[WhiteTeam "SVG Plettenberg"]
[BlackTeam "SAbt SV Werder Bremen"]
[WhiteTeamCountry "GER"]
[BlackTeamCountry "GER"]

1. d4 Nf6 2. Nf3 e6 3. Bf4 c5 4. c3 Qb6 5. Qb3 d5 6. e3 Nc6 7. Nbd2 Bd7 8. h3
Na5 9. Qxb6 axb6 10. Bc7 cxd4 11. Nxd4 Bc5 12. b4 Rc8 13. Nb5 Bxb5 14. Bxb5+
Nc6 15. bxc5 Rxc7 16. cxb6 Rc8 17. a4 Ke7 18. a5 Nb8 19. Ra3 Rc5 20. Bd3 Rhc8
21. Ke2 Rxc3 22. Rha1 Nfd7 23. f4 g6 24. Nf3 Rxa3 25. Rxa3 Rc5 26. Nd4 f6 27.
Nb3 Rc8 28. e4 Rc3 29. exd5 Nc5 30. Nxc5 Rxa3 31. Nxb7 exd5 32. g4 Nc6 33. a6
Rb3 34. a7 Ra3 35. Nc5 Nxa7 36. bxa7 Rxa7 37. Nb3 Kd6 38. h4 Rb7 39. Nd2 Re7+
40. Kf2 Kc5 41. Nf3 Kb4 42. g5 fxg5 43. hxg5 Kc5 44. f5 gxf5 1/2-1/2

[Event "Bundesliga 9798"]
[Site "Deutschland"]
[Date "1997.??.??"]
[Round "?.2"]
[White "Kindermann, Stefan"]
[Black "Kupreichik, Viktor D"]
[Result "0-1"]
[WhiteElo "2570"]
[BlackElo "2500"]
[PlyCount "80"]
[EventDate "1997.10.??"]
[EventType "team"]
[EventRounds "15"]
[EventCountry "GER"]
[SourceTitle "Bundesliga 9798"]
[Source "DeepChess"]
[SourceDate "2005.01.01"]
[SourceVersion "1"]
[SourceVersionDate "2005.01.01"]
[SourceQuality "1"]
[WhiteTeam "SAbt SV Werder Bremen"]
[BlackTeam "SVG Plettenberg"]
[WhiteTeamCountry "GER"]
[BlackTeamCountry "GER"]

1. e4 c5 2. Nf3 d6 3. d4 cxd4 4. Nxd4 Nf6 5. Nc3 Bd7 6. f4 Nc6 7. Nf3 g6 8. Bc4
Bg7 9. Qe2 O-O 10. O-O Bg4 11. Be3 e5 12. Rad1 Nd4 13. Bxd4 exd4 14. Nd5 Nxd5
15. Bxd5 Qb6 16. Kh1 Qxb2 17. Rb1 Qc3 18. Rb3 Qc5 19. Rxb7 Be6 20. Bxe6 fxe6
21. Ng5 Qc8 22. Rb3 h6 23. Nh3 Kh7 24. Rfb1 Rf7 25. Rg3 Rb8 26. Rbb3 Rxb3 27.
axb3 e5 28. Rf3 Qc6 29. fxe5 Re7 30. Nf2 Rxe5 31. Rd3 Re7 32. Rd1 d5 33. Re1
Qc3 34. Qd1 Qa5 35. e5 Rxe5 36. Rxe5 Bxe5 37. Nd3 Bf6 38. Kg1 Kg7 39. Qf3 Qd2
40. Qxd5 Qd1+ 0-1

[Event "Bundesliga 9798"]
[Site "Deutschland"]
[Date "1997.??.??"]
[Round "?.3"]
[White "Luecke, Norbert"]
[Black "Knaak, Rainer"]
[Result "0-1"]
[WhiteElo "2375"]
[BlackElo "2555"]
[PlyCount "100"]
[EventDate "1997.10.??"]
[EventType "team"]
[EventRounds "15"]
[EventCountry "GER"]
[SourceTitle "Bundesliga 9798"]
[Source "DeepChess"]
[SourceDate "2005.01.01"]
[SourceVersion "1"]
[SourceVersionDate "2005.01.01"]
[SourceQuality "1"]
[WhiteTeam "SVG Plettenberg"]
[BlackTeam "SAbt SV Werder Bremen"]
[WhiteTeamCountry "GER"]
[BlackTeamCountry "GER"]

1. e4 e6 2. d4 d5 3. Nd2 c5 4. Ngf3 Nf6 5. exd5 exd5 6. Bb5+ Bd7 7. Bxd7+ Nbxd7
8. O-O Be7 9. dxc5 Nxc5 10. Nd4 O-O 11. N2f3 Re8 12. Bf4 Qb6 13. Rb1 Bf8 14.
Nf5 Rad8 15. Bg5 Qa6 16. a3 Nce4 17. Be3 g6 18. Ng3 Bg7 19. Bd4 Qc6 20. Qd3 Qc7
21. Rbd1 a6 22. c3 Nd6 23. Rfe1 Nc4 24. Qc2 Qc6 25. Ne5 Qb5 26. Nd3 a5 27. a4
Qc6 28. Rxe8+ Rxe8 29. Nf4 Qd6 30. Nd3 Ne4 31. b3 Nb6 32. Bxg7 Kxg7 33. c4 dxc4
34. bxc4 h5 35. Nxe4 Rxe4 36. f3 Rxc4 37. Qb2+ Qf6 38. Qxf6+ Kxf6 39. Rb1 Nxa4
40. Rxb7 Rd4 41. Nf2 Nc3 42. Rc7 Nb5 43. Rc6+ Kg7 44. Ne4 a4 45. Ra6 a3 46. Ra5
Rb4 47. Kf2 Rb2+ 48. Ke3 a2 49. Kd3 Rxg2 50. Nd2 Nd4 0-1

[Event "Bundesliga 9798"]
[Site "Deutschland"]
[Date "1997.??.??"]
[Round "?.4"]
[White "Babula, Vlastimil"]
[Black "Luethgens, Eike"]
[Result "1-0"]
[WhiteElo "2545"]
[BlackElo "2305"]
[PlyCount "93"]
[EventDate "1997.10.??"]
[EventType "team"]
[EventRounds "15"]
[EventCountry "GER"]
[SourceTitle "Bundesliga 9798"]
[Source "DeepChess"]
[SourceDate "2005.01.01"]
[SourceVersion "1"]
[SourceVersionDate "2005.01.01"]
[SourceQuality "1"]
[WhiteTeam "SAbt SV Werder Bremen"]
[BlackTeam "SVG Plettenberg"]
[WhiteTeamCountry "GER"]
[BlackTeamCountry "GER"]

1. d4 Nf6 2. c4 c6 3. Nc3 d5 4. Nf3 a6 5. c5 g6 6. Bf4 Nh5 7. Bd2 Bg7 8. Qc1
O-O 9. Bh6 f6 10. Bxg7 Kxg7 11. e3 e5 12. Be2 Bg4 13. h3 Bxf3 14. Bxf3 exd4 15.
exd4 f5 16. Bxh5 gxh5 17. Qf4 Qe7+ 18. Kd2 Nd7 19. Rhe1 Qf6 20. Re2 Rae8 21.
Rxe8 Rxe8 22. Re1 Rxe1 23. Kxe1 Nf8 24. Qc7+ Qf7 25. Qxf7+ Kxf7 26. f4 h4 27.
Ke2 Ng6 28. Ke3 Ke6 29. b4 Kd7 30. Kf3 Nf8 31. Ke3 Ne6 32. Ne2 Nf8 33. Ng1 Ke7
34. Nf3 Ng6 35. Ng5 Nf8 36. Kf2 Ne6 37. Ke3 Nf8 38. a3 Kf6 39. Nf3 Ng6 40. Ne5
Ke7 41. g4 hxg3 42. Nxg6+ hxg6 43. Kf3 Kf6 44. Kxg3 g5 45. fxg5+ Kxg5 46. h4+
Kh5 47. a4 1-0